01869 2200205 4500001001900000005001500019035001800034007000300052008003900055082000700094084001300101100002400114245011400138250001000252260004600262520131300308600001201621990001501633990001501648INLIS000000000995820260511102424 a0010-03260202ta260511 | | |  a53 a53 AHM r0 aAHMAD YOGA PRAMUDIA1 aRancang Bangun Website pada Taman Kanak-Kanak Putra Palangkaraya / AHMAD YOGA PRAMUDIA /cAHMAD YOGA PRAMUDIA aCet 1 aPalangka Raya :bPerpustakaan UMPR,c2026 aPenelitian ini bertujuan untuk merancang dan membangun website pada Taman Kanak-Kanak Putra Palangkaraya guna mempermudah proses penerimaan siswa baru serta penyampaian informasi sekolah kepada masyarakat. Permasalahan yang dihadapi adalah proses pendaftaran yang masih dilakukan secara manual sehingga memerlukan waktu lama, rentan terjadi kesalahan pencatatan data, serta kurang efisien dalam pengelolaan administrasi. Metode pengembangan sistem yang digunakan adalah metode Waterfall yang meliputi tahapan analisis kebutuhan, desain sistem, pengkodean, pengujian, dan pemeliharaan. Sistem dibangun menggunakan bahasa pemrograman PHP, database MySQL, serta dirancang dengan pendekatan UML. Fitur utama sistem meliputi pengelolaan profil sekolah, galeri, media sosial, informasi pendaftaran, formulir pendaftaran online, serta halaman admin untuk pengelolaan data. Pengujian sistem dilakukan menggunakan metode Black Box Testing dan menunjukkan bahwa seluruh fungsi sistem berjalan sesuai harapan. Selain itu, hasil kuesioner terhadap 10 responden memperoleh nilai kepuasan sebesar 92%, yang menunjukkan bahwa sistem dinilai baik dan layak digunakan. Dengan demikian, website yang dibangun mampu meningkatkan efisiensi, akurasi, dan kualitas pelayanan administrasi pada Taman Kanak-Kanak Putra Palangkaraya. 4aSKRIPSI a2153024441 a2153024441